000 00474nam a2200181Ia 4500
001 17818
005 20260306171545.0
008 260306s9999||||xx |||||||||||||| ||und||
041 _aESP
082 _a658.3
_bA43 2010
100 _aAlles, Martha
_eAUT
245 0 _aDirección estratégica de recursos humanos:
_bgestión por competencias: casos
260 _c2010
300 _a173 páginas :
_c23 cm.
650 _aGEN
654 _aCAN
942 _cLIB
_dJUS
_fJUS
_2ddc
_n
999 _c17818
_d17818